000 02109nam a2200397 a 4500
005 20200104041749.0
008 151109b2015 ck abdofr||||f00| 0 spa d
020 _a9789588889658 (impreso)
020 _a9789588889665 (digital)
040 _aCO-BoIAVH
_cCO-BoIAVH
041 0 _aspa
044 _ack
082 0 4 _a578.098613
_bC36b
245 1 0 _aCatálogo de la biodiversidad para las regiones andina, pacífica y piedemonte amazónico.
_bNivel regional. Volumen 2 Tomo 1 /
_ceditado por Marcela Portocarrero-Aya, Germán Corzo y María Elfi Chaves.
250 _aPrimera edición
260 _aBogotá, Colombia :
_bInstituto de Investigación de Recursos Biológicos Alexander von Humboldt :
_bEcopetrol,
_c2015.
300 _a175 páginas :
_bilustraciones, mapas, tablas y fotografías a color ;
_c28 x 22 cm. +
_e1 mapa
490 0 _aSerie planeación ambiental para la conservación de la biodiversidad en las áreas operativas de Ecopetrol
504 _aIncluye referencias bibliográficas: páginas 140-149.
505 0 _aParte 1: Análisis territorial. Parte 2: Contexto Regional.
505 2 _aIncluye anexo mapa de susceptibilidad ambiental, área de influencia de Ecopetrol S.A.para las regiones andes, pacífico y piedemonte amazónico.
650 2 6 _aBiodiversidad
_zAndina (Región, Colombia)
650 2 6 _aBiodiversidad
_zPacífica (Región, Colombia)
650 2 6 _aBiodiversidad
_zPiedemonte amazónico (Región, Colombia)
650 2 6 _aBiodiversidad
_vCatálogo
_zAndina (Región, Colombia)
650 2 6 _aBiodiversidad
_vCatálogo
_zPacífica (Región, Colombia)
650 2 6 _aBiodiversidad
_vCatálogo
_zPiedemonte amazónico (Región, Colombia)
650 2 6 _aBiodiversidad
_xconservación
650 2 6 _aFlora
650 2 6 _aFauna
700 1 _aPorotocarrero-Aya, Marcela
_eeditora
700 1 _aCorzo, Germán
_eeditor
700 1 _aChaves, María Elfi
_eeditora
710 2 _aInstituto de Investigación de Recursos Biológicos Alexander von Humboldt
942 _2ddc
_cLIBRO
_02
999 _c18948
_d18948